Größte Gemeinden Österreichs mit "H" - Statistiken

Allgemein
  • Dieses Quiz wurde 75 mal gespielt
  • Das Durchschnittsergebnis liegt bei 6 aus 10
Antwortstatistiken
Einwohner Bezirk Gemeinde % Korrekt
13.942 Innsbruck-Land Hall in Tirol
98%
21.170 Hallein Hallein
96%
16.560 Dornbirn Hohenems
82%
11.798 Hollabrunn Hollabrunn
80%
13.614 Bregenz Hard
71%
6.889 Hermagor Hermagor
71%
8.046 Bregenz Höchst
49%
7.831 St. Pölten-Land Herzogenburg
27%
7.399 Bruck an der Leitha Himberg
25%
7.122 Graz-Umgebung Hitzendorf
12%
Keine übereinstimmenden Quizze gefunden
Verteilung der Resultate
Anzahl Personen mit jedem Resultat
Perzentil nach korrekt beantworteten Fragen
Ihre Resultats-Entwicklung
Sie haben dieses Quiz noch nicht gespielt